| 000 | 02321cam a2200445 4500 | ||
|---|---|---|---|
| 001 | 14034 | ||
| 003 | http://catalogue.bnf.fr/ark:/12148/cb47017202k | ||
| 005 | 20260310160536.0 | ||
| 010 |
_a9791095481195 _d10 EUR |
||
| 020 |
_aFR _b02260759 |
||
| 073 | 0 | _a9791095481195 | |
| 090 | _a14034 | ||
| 099 | _o0 | ||
| 100 | _a20220502d2022 m y0frey50 ba | ||
| 101 | 0 | _afre | |
| 102 | _aFR | ||
| 105 | _a||||z 00|a| | ||
| 181 | 0 |
_601 _ai _bxxxe |
|
| 181 |
_602 _ctxt _2rdacontent |
||
| 182 | 0 |
_601 _an |
|
| 182 |
_602 _cn _2rdamedia |
||
| 200 | 1 |
_aSeuil _bTexte imprimé |
|
| 214 | 0 |
_cThéâtre ouvert éditions _dDL 2022 |
|
| 214 | 3 | _cImpr. Média graphic | |
| 214 | 0 | _aParis | |
| 214 | 3 | _a35-Rennes | |
| 215 | _a1 vol. (75 p.) | ||
| 215 | _d20 cm | ||
| 225 |
_aTapuscrit _v152 |
||
| 305 | _aCréation : Bayeux (France) : Halle ô Grains, 20220203 | ||
| 323 | _a7 personnages | ||
| 330 | _a« Vous m’avez tuéR » Dans la nuit de vendredi à samedi, Mattéo, 14 ans, laisse ce message sur les réseaux avant de ne plus donner signe de vie. 48h plus tard, une flic intervient dans le collège et interroge Noa, interne de la chambre 109 : Témoin principal ? Suspect ? Bourreau ? Noa devra répondre de ses actes, lui qui dit n’avoir rien fait. À la façon d’un jeu de piste, dans une structure dramatique jouant sur différentes temporalités, lecteur·rice·s et spectateur·rice·s reconstituent peu à peu les pièces du puzzle de cette intrigue faisant apparaître l’ensemble des acteurs du collège, comblant peu à peu les trous de cette histoire, jusqu’à saisir le drame qui a eu lieu. Seuil aborde par la fiction les mécanismes du modèle masculin à travers les rites de passage entre hommes. À travers le drame en creux de Mattéo, l’écriture interroge la construction du modèle viril contemporain par la violence, et la notion de consentement. | ||
| 410 | 0 | _034226913 | |
| 410 | 0 |
_tTapuscrit (Paris. 1978) _x0183-8229 _v152 |
|
| 610 |
_aharcèlement _aenquête _asuicide |
||
| 620 | 2 |
_dBayeux _aFrance _eHalle ô Grains _f20220203 |
|
| 686 |
_a802 _2Cadre de classement de la Bibliographie nationale française |
||
| 700 |
_aMattei _bMarilyn _f1985-.... |
||
| 700 |
_317081801 _oISNI0000000459760223 _4070 |
||
| 801 | 0 |
_aFR _bFR-751131015 _c20220502 _gAFNOR _hFRBNF470172020000008 |
|